000 00357nam a2200145Ia 4500
008 230711s9999||||xx |||||||||||||| ||und||
041 _aENG
082 _a800
_bGO-W
100 _aGoyal.Jang Buhadar
245 0 _aWorlds historical's opanias classical
250 _a1st Ed.
260 _c2006
_aNew Delhi
_bFalcon Books
650 _aLiterature
942 _cBK
999 _c4395
_d4395